| 000 | 00603nam a2200193 i 4500 | ||
|---|---|---|---|
| 001 | 98060 | ||
| 003 | ES-MaACL | ||
| 007 | t| | ||
| 008 | 050721s1952 sp ||||1| spa d | ||
| 100 | 1 |
_aColumba Marmion _cBeato. _939909 |
|
| 245 | 1 | 0 |
_aSufriendo con Cristo / _cDom Columba Marmion; traducción del francés por Don Isidoro Mª Fonoll Oliver. |
| 260 |
_aBilbao : _bDesclée de Brouwer, _c1952. |
||
| 300 |
_a295 p. ; _c20 cm. |
||
| 490 | 1 | _aSpiritus | |
| 700 | 1 |
_aFonoll Oliver, Isidoro María. _951505 |
|
| 830 | 0 |
_aSpiritus _9181888 |
|
| 852 |
_aES-MaACL _jC-6019 _bR.33221 |
||
| 999 |
_c98060 _d98060 |
||